Investment Policy of the State in the Conditions of Global Competition
Poukázanie na potrebu meniť priority investičnej politiky EÚ v podmienkach globalizácie a spustením štvrtej priemyselnej revolúcie. Dynamika zmien rastu HDP, hrubej akumulácie kapitálu a priamych zahraničných investícií na Ukrajine.
Saved in:
| Main Author: | |
|---|---|
| Format: | Book Chapter |
| Language: | Ukrainian |
| Subjects: | |
| Tags: |
No Tags, Be the first to tag this record!
|
MARC
| LEADER | 00000naa a2200000 4500 | ||
|---|---|---|---|
| 001 | 0250435 | ||
| 005 | 20191008095546.3 | ||
| 041 | 0 | |a ukr | |
| 044 | |a UA | ||
| 245 | 1 | 0 | |a Investment Policy of the State in the Conditions of Global Competition |c Halyna M. Fyliuk |
| 520 | |a Poukázanie na potrebu meniť priority investičnej politiky EÚ v podmienkach globalizácie a spustením štvrtej priemyselnej revolúcie. Dynamika zmien rastu HDP, hrubej akumulácie kapitálu a priamych zahraničných investícií na Ukrajine. | ||
| 610 | 2 | 0 | |a investície |
| 610 | 2 | 0 | |a investície verejné |
| 610 | 2 | 0 | |a investori |
| 610 | 2 | 0 | |a investície priame zahraničné |
| 610 | 2 | 0 | |a partnerstvo verejno-súkromné |
| 610 | 2 | 0 | |a legislatíva |
| 100 | 1 | |a Fyliuk, Halyna M. | |